01488nam a2200241Ia 450000100060000000300090000600800410001504000130005604000130006904100130008210000200009510000290011524500490014424500490019325000110024226000100025326000160026326000490027930000430032850008280037165000160119965000310121518336IT-RoPAU130308s9999 xx 000 0 und d aIT-RoPAU cIT-RoPAU aFRANCESE aPottier Bernard gCodice Aut. SPICS: 12924 aLinguistique generale-Theorie et description bLinguistique Generale-Theorie et Description a1a ed. aPARIS bKlincksieck c1974 [1° Ed.:1974 - Ed.Ling.Originale:1974] a"340 p. (prefazione: no ; testo: 340)" aLinguistica Generale Linguaggio e Comunicazione Comunicazione Linguistica Segni Linguistici Meccanismi Linguistici Dagli schemi concettuali Agli schemi Linguistici ipotesiConcettuale sostanza del Significato Analisi Semantica Semantica Analitica Semantica Schematica e Globale relazioni di significazione Designazioni Determinazione degli Insiemi relazioni Paradigmatiche e Sintagmatiche Voci e Loro Contenuto Sistema Casuale Visione meccanismo delle Integrazioni formulazione Modale Modalità Asserzione Determinazione formulazione Locutiva Persona Locuzione Deissi formulazione Qualitativa Natura e Proprietà formulazione Quantitativa Molteplicità Intensità Forma del Significato Modelli Sintattici Enunciato Strutturazioni interne Sostituti Significati delle Categorie Linearizzazioni delle strutture Significante aLINGUISTICA eCodice materia Spics: 3201